000
00195nam a2200085Ia 4500
008
170620s9999 xx 000 0 und d
100
_a
Batra / Kalra
245
0
_a
Mercantial Law
260
_b
Tata Mc Graw Hill
260
_c
1998
999
_c
28371
_d
28371